000 00509nam a22001697a 4500
999 _c40661
_d40661
003 OSt
005 20200606120102.0
008 191026b ||||| |||| 00| 0 eng d
020 _a8188077950
040 _cMESKC library
082 _a891.443
_bCHA/D
100 1 _aCaṭṭopādhyāẏa, Baṅkimacandra,
_9102
_d1838-1894
245 _aDurgesanandini/
_cBankim Chandra
260 _aDelhi:
_bPeacock Books
_c2016
300 _a116p
942 _2ddc
_cBK
_h891.443
_iCHA/D
_k891.443
_mCHA/D